ბათუმის შოთა რუსთაველის სახელმწიფო უნივერსიტეტის ბიბლიოთეკა

Растение и хлорофилл (ბიბ.ჩანაწერი № 45502)

000 -LEADER
fixed length control field 00495nam a2200193Ia 4500
001 - CONTROL NUMBER
control field 12327
003 - CONTROL NUMBER IDENTIFIER
control field GE_BSU
008 - FIXED-LENGTH DATA ELEMENTS--GENERAL INFORMATION
fixed length control field 181216s||||||||xx |||||||||||||| ||und||
040 ## - CATALOGING SOURCE
Transcribing agency GE_BSU
080 ## - UNIVERSAL DECIMAL CLASSIFICATION NUMBER
Universal Decimal Classification number 581.132
100 ## - MAIN ENTRY--PERSONAL NAME
Personal name Гюббенет,Е.Р.
245 ## - TITLE STATEMENT
Title Растение и хлорофилл
260 ## - PUBLICATION, DISTRIBUTION, ETC.
Place of publication, distribution, etc. Москва
260 ## - PUBLICATION, DISTRIBUTION, ETC.
Name of publisher, distributor, etc. Акад.Наук СССР
260 ## - PUBLICATION, DISTRIBUTION, ETC.
Date of publication, distribution, etc. 1951
300 ## - PHYSICAL DESCRIPTION
Extent 246стр.илл.23см.
653 ## - INDEX TERM--UNCONTROLLED
Uncontrolled term Растение и хлорофилл
942 ## - ADDED ENTRY ELEMENTS (KOHA)
Koha item type წიგნი
ეგზემპლარები
Withdrawn status Lost status Damaged status Not for loan Date acquired Barcode Date last seen Price effective from Koha item type
        2018-12-17 20480 2018-12-17 2018-12-17 წიგნი